Introduction (notice n° 1641167)

détails MARC
000 -LEADER
fixed length control field 00644cam a2200157 4500500
005 - DATE AND TIME OF LATEST TRANSACTION
control field 20260201103954.0
041 ## - LANGUAGE CODE
Language code of text/sound track or separate title fre
042 ## - AUTHENTICATION CODE
Authentication code dc
100 10 - MAIN ENTRY--PERSONAL NAME
Personal name Terrel-Salmon, Françoise
Relator term author
245 00 - TITLE STATEMENT
Title Introduction
260 ## - PUBLICATION, DISTRIBUTION, ETC.
Date of publication, distribution, etc. 2006.<br/>
500 ## - GENERAL NOTE
General note 56
520 ## - SUMMARY, ETC.
Summary, etc. Resumé Un an après le refus du traite constitutionnel européen par la France et les Pays-Bas, un Allemand et un Espagnol appellent a explorer d’autres voies pour continuer à construire l’Union.
786 0# - DATA SOURCE ENTRY
Note Revue Projet | 292 | 3 | 2006-05-01 | p. 19-19 | 0033-0884
856 41 - ELECTRONIC LOCATION AND ACCESS
Uniform Resource Identifier <a href="https://shs.cairn.info/revue-projet-2006-3-page-19?lang=fr&redirect-ssocas=7080">https://shs.cairn.info/revue-projet-2006-3-page-19?lang=fr&redirect-ssocas=7080</a>

Pas d'exemplaire disponible.

PLUDOC

PLUDOC est la plateforme unique et centralisée de gestion des bibliothèques physiques et numériques de Guinée administré par le CEDUST. Elle est la plus grande base de données de ressources documentaires pour les Étudiants, Enseignants chercheurs et Chercheurs de Guinée.

Adresse

627 919 101/664 919 101

25 boulevard du commerce
Kaloum, Conakry, Guinée

Réseaux sociaux

Powered by Netsen Group @ 2025